Escudos de fútbol por letra - A - Estadísticas

Estadísticas generales
  • Esta prueba ha sido intentada 1.240 veces
  • La puntuación promedio es 11 de 14
Estadísticas de respuestas
Imagen Respuesta % Correcto
Arsenal
98%
Ajax
96%
Athletic Club
96%
Atlético Madrid
96%
Argentina
94%
Aston Villa
93%
Atalanta
93%
Albania
91%
Al Nassr
84%
Austria
80%
Anderlecht
68%
AEK Atenas
62%
Atlanta United
59%
Aberdeen
34%
No se encontraron pruebas coincidentes
Distribución de puntuación
Porcentaje de gente con cada puntuación
Porcentaje por número respondido
Historial de tus puntuaciones
No has intentado esta prueba.